=LDR 00000nam 2200000 4500 =001 INLIS000000000038074 =005 20130612143751 =008 ***********************************ind** =035 ##$$a0010-061300000038074 =041 ##$$a ind =082 ##$$a 813 =090 ##$$a 813, Col c =100 ##$$a cole, Kresley =245 ##$$a Captain of all Pleasures, Kresley Cole =650 ##$$a Novel =850 ##$$a NBPNMAT =990 ##$$a 0514/PN/2014 =990 ##$$a 92969/BPAP-NTB/2014 =990 ##$$a 0001/BPAP-NTB/20142014 =990 ##$$a 1342813428 =990 ##$$a 0001/BPAP-NTB/20142014 =990 ##$$a 0514/PN/2014 =990 ##$$a 92969/BPAP-NTB/2014 =990 ##$$a 01201713428